000 00581nam a2200253Ia 4500
005 20260306155004.0
008 008 260114s9999 xx 000 0 eng d
020 _a9781009549776
037 _aEBOOK
040 _aCRL
040 _beng
040 _cCRL
041 _2eng
041 _aeng
084 _qCRL
100 _aPlanes/Saxena
_91128471
245 0 _aPhase Transitions
260 _bCambridge University Press
260 _c2025
650 _aPhysics
856 _uhttps://doi.org/10.1017/9781009549776
942 _cEBOOK
999 _c1709870
_d1709870